Glaucoma : (Record no. 1782)
[ view plain ]
| 000 -LEADER | |
|---|---|
| fixed length control field | 00630nam a22002177a 4500 |
| 003 - CONTROL NUMBER IDENTIFIER | |
| control field | OSt |
| 005 - DATE AND TIME OF LATEST TRANSACTION | |
| control field | 20150519155558.0 |
| 008 - FIXED-LENGTH DATA ELEMENTS--GENERAL INFORMATION | |
| fixed length control field | 150519b xxu||||| |||| 00| 0 eng d |
| 020 ## - INTERNATIONAL STANDARD BOOK NUMBER | |
| International Standard Book Number | 0750655283 |
| 040 ## - CATALOGING SOURCE | |
| Transcribing agency | DLC |
| 082 ## - DEWEY DECIMAL CLASSIFICATION NUMBER | |
| Classification number | WW 290 S35g 2004 |
| 100 ## - MAIN ENTRY--PERSONAL NAME | |
| Personal name | Salmon John F |
| 9 (RLIN) | 4679 |
| 245 ## - TITLE STATEMENT | |
| Title | Glaucoma : |
| Remainder of title | A Colour Manual Of Diagnosis and Treatment / |
| Statement of responsibility, etc. | John F Salmon, Jack J Kanski |
| 250 ## - EDITION STATEMENT | |
| Edition statement | 3rd ed |
| 260 ## - PUBLICATION, DISTRIBUTION, ETC. (IMPRINT) | |
| Place of publication, distribution, etc. | London: |
| Name of publisher, distributor, etc. | Butterworth Heinemann; |
| Date of publication, distribution, etc. | 2004. |
| 300 ## - PHYSICAL DESCRIPTION | |
| Extent | vii, 168 p: |
| Other physical details | col.ill ; |
| Dimensions | 25 |
| 504 ## - BIBLIOGRAPHY, ETC. NOTE | |
| Bibliography, etc | Includes references and index. |
| 650 ## - SUBJECT ADDED ENTRY--TOPICAL TERM | |
| Topical term or geographic name as entry element | Glaucoma |
| 9 (RLIN) | 4680 |
| 700 ## - ADDED ENTRY--PERSONAL NAME | |
| Personal name | Kanski Jack J |
| 9 (RLIN) | 337 |
| 942 ## - ADDED ENTRY ELEMENTS (KOHA) | |
| Source of classification or shelving scheme | Other/Generic Classification Scheme |
| Koha item type | Short Loan |
| Withdrawn status | Lost status | Source of classification or shelving scheme | Damaged status | Not for loan | Home library | Current library | Date acquired | Source of acquisition | Inventory number | Total Checkouts | Full call number | Barcode | Date last seen | Price effective from | Koha item type |
|---|---|---|---|---|---|---|---|---|---|---|---|---|---|---|---|
| Other/Generic Classification Scheme | MUST Main Library | MUST Main Library | 19/05/2015 | 2006/26288 | WW 290 S35g 2004 | 2015-1452 | 19/05/2015 | 19/05/2015 | Short Loan |
